Cuba en la época de Ezpeleta: 1785-1790

Salvato in:
Dettagli Bibliografici
Autore principale: Amores Carredano, Juan B (Autore)
Natura: Libro
Lingua:spagnolo
Pubblicazione: Pamplona EUNSA 2000
Edizione:1a. ed
Serie:Histórica
Soggetti:
Tags: Aggiungi Tag
Nessun Tag, puoi essere il primo ad aggiungerne!!

MARC

LEADER 00000nam a2200000 a 4500
001 UCH1385
003 CL-VaPUC
008 090427e20000000SP |||||||||||||||||spa|d
020 |a 8431318325 
082 0 4 |a 972.91  |b AMO  |2 21 
100 0 |a Amores Carredano, Juan B  |e author  |9 535863 
245 1 0 |a Cuba en la época de Ezpeleta: 1785-1790 
250 |a 1a. ed 
300 |a 571 p 
942 |c BK 
945 |d 20090427 00:00:00  |a rbrito 
260 |a Pamplona  |b EUNSA  |c 2000 
650 7 |a HISTORIA DE CUBA SIGLO 18  |2 CL-VaPUC  |9 535864 
650 0 |a Esclavitud  |9 323605 
650 0 |a Política  |9 255312 
650 0 |a Economía   |9 255568 
651 7 |a CUBA  |2 CL-VaPUC  |9 255263 
583 |a last modification  |c 20090427 00:00:00  |k Rodrigo Vera 
490 0 |a Histórica 
999 |c 333436  |d 333434 
952 |0 0  |1 0  |4 0  |6 972_910000000000000_AMO_2000  |7 0  |8 A  |9 421820  |a BIBHIS  |b BIBHIS  |d 2019-11-22  |i 4539273  |o 972.91 AMO 2000  |p 4539273  |r 2025-01-20  |w 2019-11-22  |y BK  |k HIS